Encyclopedia of industrial chemical additives. V 3 (Record no. 40192)

MARC details
000 -LEADER
fixed length control field 00503nam a2200193Ia 4500
082 ## - DEWEY DECIMAL CLASSIFICATION NUMBER
Classification number 66:678.04
Item number ENC.3
245 #0 - TITLE STATEMENT
Title Encyclopedia of industrial chemical additives. V 3
260 ## - PUBLICATION, DISTRIBUTION, ETC. (IMPRINT)
Place of publication New York
Name of publisher Chemical
Year of publication 1985
505 ## - FORMATTED CONTENTS NOTE
Formatted contents note Set price
650 ## - SUBJECT ADDED ENTRY--TOPICAL TERM
Topical Term Plasticizers
650 ## - SUBJECT ADDED ENTRY--TOPICAL TERM
Topical Term Retarders
650 ## - SUBJECT ADDED ENTRY--TOPICAL TERM
Topical Term Solvents
650 ## - SUBJECT ADDED ENTRY--TOPICAL TERM
Topical Term Stabilizers
650 ## - SUBJECT ADDED ENTRY--TOPICAL TERM
Topical Term Vulcanizing agents
650 ## - SUBJECT ADDED ENTRY--TOPICAL TERM
Topical Term Water repellents
650 ## - SUBJECT ADDED ENTRY--TOPICAL TERM
Topical Term Whitening agents
942 ## - ADDED ENTRY ELEMENTS (KOHA)
Koha item type Books
Holdings
Withdrawn status Lost status Damaged status Not for loan Home library Current library Date acquired Cost, normal purchase price Full call number Accession Number Koha item type
        RRII Library RRII Library 16/12/2021 6370.00 66:678.04 ENC.3 20499 Books